A quel pays appartient ce plat ? - Statistiques

Statistiques générales
  • Ce quiz a été pris 234 fois
  • Le résultat moyen est 13 sur 20
Statistiques - réponses
Par images Réponse % Correct
France
100%
Italie
100%
Japon
100%
Etats Unis
96%
Espagne
89%
Maroc
89%
Allemagne
85%
Mexique
84%
Grèce
83%
Australie
81%
Canada
77%
Vietnam
64%
Madagascar
53%
Russie
47%
Inde
44%
Brésil
39%
Indonésie
16%
Israel
15%
Afrique du sud
9%
Nigeria
4%
Aucun quiz correspondant
Distribution des résultats
% des personnes avec chaque résultat
Percentile par nombre de réponses
Votre historique - résultats
Vous n’avez pas pris ce quiz